| 000 | 00340nam a2200133Ia 4500 | ||
|---|---|---|---|
| 008 | 240624s9999 xx 000 0 und d | ||
| 041 | _aeng | ||
| 082 | _a658.8 CLO | ||
| 100 | _aCLOW KENNETH E | ||
| 245 | _aCASES IN MARKETING MANAGEMENT | ||
| 260 |
_c2012 _aNew Delhi _bSage India |
||
| 300 | _aix, : 523 : p. : cm. ; 24 | ||
| 365 |
_cRS _b40 |
||
| 999 |
_c22606 _d22606 |
||